LIBRARY & INFORMATION CENTRE, KCAET, TAVANUR

ONLINE PUBLIC ACCESS CATALOGUE (OPAC)

Learn chemistry: The easy way / (Record no. 10733)

MARC details
000 -LEADER
fixed length control field 00425cam a2200169ua 4500
041 ## - LANGUAGE CODE
Language code of text/sound track or separate title eng
082 ## - DEWEY DECIMAL CLASSIFICATION NUMBER
Classification number 540
Item number CAR/LE
100 ## - MAIN ENTRY--AUTHOR NAME
Personal name Carlin, John J .
245 ## - TITLE STATEMENT
Title Learn chemistry: The easy way /
260 ## - PUBLICATION, DISTRIBUTION, ETC. (IMPRINT)
Place of publication New York :
Name of publisher Cambridge Publishers Inc. ,
Year of publication 1960.
300 ## - PHYSICAL DESCRIPTION
Number of Pages 410 ; .
942 ## - ADDED ENTRY ELEMENTS (KOHA)
Koha item type Books
Holdings
Withdrawn status Lost status Damaged status Home library Current library Date acquired Full call number Accession Number Koha item type
Withdrawn     KAUAET KAUAET 07/04/2012 540 CAR/LE 10925 Books
free website counter